[Event "22ème Open de Saint-Affrique"]
[Site "Saint Affrique (12)"]
[Date "2014.07.23"]
[Round "6.16"]
[White "Carre, Sylvain"]
[Black "Lecoultre, Patrick"]
[Result "1-0"]
[WhiteElo "2172"]
[BlackElo "1702"]
[PlyCount "121"]
[EventDate "2014.??.??"]
[Source "Sylvain Rivier"]
[SourceDate "2014.07.26"]

1. d4 Nf6 2. Bf4 g6 3. e3 d5 4. c4 Bg7 5. Nc3 O-O 6. Nf3 Bg4 7. Qb3 Nbd7 8.
cxd5 Bxf3 9. gxf3 Nb6 10. e4 Kh8 11. a4 Nh5 12. Be3 f5 13. a5 f4 14. Bd2 Nd7
15. e5 c6 16. Qxb7 cxd5 17. Bh3 Nxe5 18. dxe5 Bxe5 19. Qxd5 Qb8 20. Ne4 Rd8 21.
Qa2 Qb5 22. Bf1 Qd7 23. Bc3 Bxc3+ 24. bxc3 Nf6 25. Be2 Nxe4 26. fxe4 Qh3 27.
Qc2 Rac8 28. Rc1 Qg2 29. Rf1 f3 30. Ba6 Rc6 31. Bb7 Rcd6 32. c4 Qg5 33. Bd5 e6
34. c5 R6d7 35. Qc3+ e5 36. Qd3 Qf6 37. c6 Rc7 38. Rc3 Rb8 39. Rb3 Rf8 40. Kd2
Qd6 41. Qc3 Rfc8 42. Qb4 Qf6 43. Qc5 Qf4+ 44. Qe3 Qf6 45. Rc1 Rf8 46. Rb7 Rfc8
47. Rxc7 Rxc7 48. Rb1 Qd6 49. Rb8+ Kg7 50. Rg8+ Kf6 51. Qxf3+ Kg5 52. h4+ Kxh4
53. Qf8 Rxc6 54. Qxd6 Rxd6 55. Rg7 Ra6 56. Rxh7+ Kg5 57. Ke3 Rxa5 58. Re7 Ra3+
59. Ke2 Kf4 60. Re6 a5 61. Rxg6 1-0

[Event "22ème Open de Saint-Affrique"]
[Site "Saint Affrique (12)"]
[Date "2014.07.23"]
[Round "6.17"]
[White "Claisse, Patrick"]
[Black "Ringuet, Noe"]
[Result "0-1"]
[WhiteElo "1788"]
[BlackElo "2070"]
[PlyCount "112"]
[EventDate "2014.??.??"]
[Source "Sylvain Rivier"]
[SourceDate "2014.07.26"]

1. e4 Nf6 2. e5 Nd5 3. d4 d6 4. c4 Nb6 5. exd6 cxd6 6. Nc3 g6 7. Bd3 Bg7 8.
Nge2 Nc6 9. Be3 O-O 10. b3 e5 11. dxe5 dxe5 12. Rc1 Nd4 13. O-O Qe7 14. Re1 Be6
15. f4 Rfd8 16. fxe5 Nc6 17. Bxb6 axb6 18. Nf4 Nb4 19. Ncd5 Qc5+ 20. Kh1 Rxa2
21. Bb1 Rf2 22. Nd3 Nxd3 23. Qxd3 Bxd5 24. cxd5 Qxd5 25. Qxd5 Rxd5 26. e6 fxe6
27. Rxe6 Rfd2 28. Rce1 Bc3 29. Be4 Rd7 30. Bf3 Rb2 31. Rd1 Rxd1+ 32. Bxd1 Rb1
33. Rd6 Bb4 34. Rd3 Bc5 35. g3 Rb2 36. Rd7 Kf8 37. Rd3 Ke7 38. Bf3 Ke6 39. Bxb7
Kf5 40. Bd5 g5 41. h3 h5 42. Bc6 h4 43. gxh4 gxh4 44. Bb7 Ke5 45. Bc6 Rf2 46.
Rf3 Rd2 47. Bb5 Bf2 48. Bc4 Ke4 49. Rf7 Be3 50. Ba6 Bf4 51. Bb7+ Ke3 52. Bc8
Kf3 53. Bg4+ Kg3 54. Rd7 Bd6 55. Rf7 Rd3 56. Rd7 Re3 0-1

[Event "22ème Open de Saint-Affrique"]
[Site "Saint Affrique (12)"]
[Date "2014.07.23"]
[Round "6.18"]
[White "Baudry, Remi"]
[Black "El Mchaouri Mas, Younes"]
[Result "0-1"]
[WhiteElo "1770"]
[BlackElo "2049"]
[PlyCount "67"]
[EventDate "2014.??.??"]
[Source "Sylvain Rivier"]
[SourceDate "2014.07.26"]

1. d4 Nf6 2. Bg5 Ne4 3. h4 c5 4. dxc5 Na6 5. Qd4 Naxc5 6. Nc3 Nxc3 7. Qxc5 Ne4
8. Qd5 h6 9. Bf4 Nf6 10. Qb3 Qa5+ 11. Bd2 Qc7 12. O-O-O d5 13. g3 e6 14. Bh3
Bd7 15. g4 Ne4 16. Be3 a5 17. f3 Nc5 18. Bxc5 Bxc5 19. e4 a4 20. Qd3 a3 21. b3
dxe4 22. fxe4 Qf4+ 23. Kb1 Bb6 24. Ne2 Qe5 25. Qc3 Qxe4 26. Rhe1 Qf3 27. Qxg7
Ke7 28. Rf1 Bf2 29. g5 hxg5 30. Qxg5+ Ke8 31. Rd3 Qh5 32. Qf6 Bxh4 33. Qg7 Rd8
34. Re1 0-1

[Event "22ème Open de Saint-Affrique"]
[Site "Saint Affrique (12)"]
[Date "2014.07.23"]
[Round "6.19"]
[White "Raynal, Francois"]
[Black "Vidal, Frederic"]
[Result "1-0"]
[WhiteElo "2008"]
[BlackElo "1749"]
[PlyCount "33"]
[EventDate "2014.??.??"]
[Source "Sylvain Rivier"]
[SourceDate "2014.07.26"]

1. e4 d5 2. exd5 Qxd5 3. d4 e5 4. Nc3 Bb4 5. a3 Bxc3+ 6. bxc3 Bf5 7. Nf3 exd4
8. Qxd4 Qxd4 9. Nxd4 Bd7 10. Bf4 c5 11. Nb5 Bxb5 12. Bxb5+ Nc6 13. O-O-O f6 14.
Rhe1+ Kf7 15. Rd7+ Kg6 16. Bd3+ f5 17. g4 1-0

[Event "22ème Open de Saint-Affrique"]
[Site "Saint Affrique (12)"]
[Date "2014.07.23"]
[Round "6.20"]
[White "Lopez, Andre"]
[Black "Jackson, Thomas"]
[Result "1-0"]
[WhiteElo "2003"]
[BlackElo "1694"]
[PlyCount "46"]
[EventDate "2014.??.??"]
[Source "Sylvain Rivier"]
[SourceDate "2014.07.26"]

1. d4 Nf6 2. c4 g6 3. Nc3 Bg7 4. e4 d6 5. f4 O-O 6. Be2 Nfd7 7. Nf3 c5 8. d5
Na6 9. O-O Nc7 10. Be3 a6 11. a4 Rb8 12. Qd2 Nf6 13. h3 Bd7 14. a5 b5 15. axb6
Rxb6 16. e5 Nfe8 17. Bd3 Qb8 18. Ra2 Bc8 19. Qf2 f6 20. e6 f5 21. g4 fxg4 22.
hxg4 Nf6 23. Qg2 h6 {suite illisible} 1-0

[Event "22ème Open de Saint-Affrique"]
[Site "Saint Affrique (12)"]
[Date "2014.07.23"]
[Round "6.21"]
[White "Costa, Anthony"]
[Black "Navarro, Robin"]
[Result "0-1"]
[WhiteElo "1764"]
[BlackElo "1906"]
[PlyCount "116"]
[EventDate "2014.??.??"]
[Source "Sylvain Rivier"]
[SourceDate "2014.07.26"]

1. e4 g6 2. Nc3 Bg7 3. f4 d6 4. Nf3 a6 5. a4 c5 6. Bc4 Nc6 7. O-O e6 8. d3 Nge7
9. Bb3 Rb8 10. Ne2 b5 11. axb5 axb5 12. c3 O-O 13. Be3 b4 14. d4 bxc3 15. bxc3
Na5 16. Bc2 Nc4 17. Bf2 cxd4 18. Bxd4 Bxd4+ 19. Qxd4 d5 20. Bd3 Nd6 21. Rfb1
Bb7 22. e5 Ndf5 23. Bxf5 Nxf5 24. Qb6 Qxb6+ 25. Rxb6 Ra8 26. Rxa8 Bxa8 27. Kf2
h5 28. Nfd4 Nxd4 29. Nxd4 Rc8 30. Ke2 Kf8 31. Kd3 Ke7 32. g3 Rc4 33. Rb8 Bc6
34. Nxc6+ Rxc6 35. Rb7+ Kf8 36. Rb4 Ra6 37. Rb2 Ra4 38. Rc2 Rc4 39. Ra2 h4 40.
Ra3 hxg3 41. hxg3 g5 42. Ke3 Kg7 43. Kf3 Kg6 44. Kg4 gxf4 45. gxf4 Re4 46. Ra8
Kg7 47. Rc8 f6 48. exf6+ Kxf6 49. Kf3 Ke7 50. c4 Rxc4 51. Rxc4 dxc4 52. Ke3 Kf6
53. Kd4 Kf5 54. Kxc4 Kxf4 55. Kd3 e5 56. Ke2 Ke4 57. Kd2 Kf3 58. Ke1 Ke3 0-1

[Event "22ème Open de Saint-Affrique"]
[Site "Saint Affrique (12)"]
[Date "2014.07.23"]
[Round "6.22"]
[White "Penalver, Marion"]
[Black "Noireaut, Hoan"]
[Result "1-0"]
[WhiteElo "1901"]
[BlackElo "1674"]
[PlyCount "51"]
[EventDate "2014.??.??"]
[Source "Sylvain Rivier"]
[SourceDate "2014.07.26"]

1. e4 d6 2. d4 Nf6 3. Nc3 g6 4. g3 Bg7 5. Bg2 O-O 6. Nge2 Nbd7 7. h3 e5 8. Be3
Ne8 9. g4 b6 10. O-O Bb7 11. Ng3 Qh4 12. Kh2 Nef6 13. g5 exd4 14. gxf6 Bxf6 15.
Bxd4 Bxd4 16. Qxd4 Ne5 17. Qd1 Bc8 18. Nd5 Ng4+ 19. Kg1 Ne5 20. Kh2 Ng4+ 21.
Kg1 Ne5 22. Ne3 f5 23. exf5 gxf5 24. Bxa8 f4 25. Nh5 Qe7 26. Nf5 1-0

[Event "22ème Open de Saint-Affrique"]
[Site "Saint Affrique (12)"]
[Date "2014.07.23"]
[Round "6.23"]
[White "Lazov, Stefan"]
[Black "Jackson, Daniel"]
[Result "1/2-1/2"]
[WhiteElo "1894"]
[BlackElo "1657"]
[PlyCount "33"]
[EventDate "2014.??.??"]
[Source "Sylvain Rivier"]
[SourceDate "2014.07.26"]

1. e4 c5 2. Nf3 d6 3. d4 cxd4 4. Qxd4 Nc6 5. Qe3 Nf6 6. h3 e6 7. c4 Be7 8. Nc3
d5 9. cxd5 exd5 10. Bb5 Bd7 11. O-O dxe4 12. Nxe4 Nxe4 13. Qxe4 O-O 14. Bf4 Re8
15. Qd5 Be6 16. Qxd8 Rexd8 17. Bxc6 1/2-1/2

[Event "22ème Open de Saint-Affrique"]
[Site "Saint Affrique (12)"]
[Date "2014.07.23"]
[Round "6.24"]
[White "Coquelle, Arnaud"]
[Black "Lafitte, Luc"]
[Result "1-0"]
[WhiteElo "1760"]
[BlackElo "1867"]
[PlyCount "81"]
[EventDate "2014.??.??"]
[Source "Sylvain Rivier"]
[SourceDate "2014.07.26"]

1. b4 e6 2. Bb2 Nf6 3. a3 d5 4. e3 Nbd7 5. Nf3 Bd6 6. d3 O-O 7. Nbd2 c5 8. b5
a6 9. a4 axb5 10. axb5 Rxa1 11. Qxa1 Nb6 12. c4 Bd7 13. Be2 Qe7 14. Qa7 Bc7 15.
Qxb7 Rc8 16. Qa7 Qd8 17. Qa1 Ra8 18. Qb1 Na4 19. O-O Nxb2 20. Qxb2 Ra4 21. Ra1
Qa8 22. Nb3 Ne8 23. Rxa4 Qxa4 24. Nxc5 Qa7 25. Nxd7 Bd6 26. Nde5 Ba3 27. Qb3
Bc5 28. cxd5 exd5 29. d4 Qa1+ 30. Qd1 Qxd1+ 31. Bxd1 Bd6 32. Bb3 f6 33. Bxd5+
Kf8 34. Nc4 Bb8 35. Bc6 Nc7 36. d5 Kf7 37. Nd4 Ne8 38. b6 Ke7 39. b7 g6 40.
Bxe8 Kxe8 41. Nc6 1-0

[Event "22ème Open de Saint-Affrique"]
[Site "Saint Affrique (12)"]
[Date "2014.07.23"]
[Round "6.25"]
[White "Arcusa, Michel"]
[Black "Boulier, Rene"]
[Result "1-0"]
[WhiteElo "1865"]
[BlackElo "1651"]
[PlyCount "61"]
[EventDate "2014.??.??"]
[Source "Sylvain Rivier"]
[SourceDate "2014.07.26"]

1. Nf3 Nf6 2. c4 b6 3. g3 Bb7 4. Bg2 g6 5. O-O Bg7 6. Nc3 c5 7. d4 cxd4 8. Qxd4
Nc6 9. Qd2 O-O 10. Rb1 d6 11. b3 Ng4 12. Bb2 Bh6 13. e3 Bg7 14. Nd4 Rc8 15. Bh3
Nxd4 16. exd4 f5 17. Bxg4 fxg4 18. d5 Rf5 19. Nb5 Bxb2 20. Rxb2 Qd7 21. Nd4 Rf6
22. Qg5 Rcf8 23. Re2 R8f7 24. a4 Bc8 25. Ne6 h5 26. Rfe1 Qb7 27. Nd8 Qd7 28.
Nxf7 Kxf7 29. Qh6 Rf3 30. Qh7+ Kf6 31. Re6+ 1-0

[Event "22ème Open de Saint-Affrique"]
[Site "Saint Affrique (12)"]
[Date "2014.07.23"]
[Round "6.26"]
[White "Bizeul, Pierre"]
[Black "Danielian, Kevin"]
[Result "1-0"]
[WhiteElo "1757"]
[BlackElo "1848"]
[PlyCount "79"]
[EventDate "2014.??.??"]
[Source "Sylvain Rivier"]
[SourceDate "2014.07.26"]

1. e4 e6 2. d4 d5 3. Nc3 dxe4 4. Nxe4 Nd7 5. Nf3 Ngf6 6. Bg5 h6 7. Nxf6+ Nxf6
8. Bxf6 Qxf6 9. c3 Bd6 10. Bb5+ c6 11. Bd3 O-O 12. O-O b6 13. Be4 Bb7 14. Qa4
Rfc8 15. Rfe1 Rc7 16. Ne5 c5 17. Bxb7 Rxb7 18. Qc6 Qe7 19. Nxf7 Kxf7 20. Rxe6
Kxe6 21. Re1+ Kf7 22. Qd5+ Kf6 23. Rxe7 Rxe7 24. Qxd6+ Re6 25. Qf4+ Ke7 26. g3
cxd4 27. Qxd4 g5 28. Qg7+ Kd6 29. Qd4+ Ke7 30. Qg7+ Kd6 31. Kg2 a5 32. Qb7 Rf8
33. Qxb6+ Ke7 34. Qxa5 Ref6 35. Qc5+ Ke6 36. a4 h5 37. h3 h4 38. g4 Rd8 39.
Qxg5 Rdf8 40. Qxh4 1-0

[Event "22ème Open de Saint-Affrique"]
[Site "Saint Affrique (12)"]
[Date "2014.07.23"]
[Round "6.27"]
[White "Nguyen, Gael"]
[Black "Van Lerberghe, Luc"]
[Result "0-1"]
[WhiteElo "1670"]
[BlackElo "1830"]
[PlyCount "42"]
[EventDate "2014.??.??"]
[Source "Sylvain Rivier"]
[SourceDate "2014.07.26"]

1. d4 Nf6 2. c4 c5 3. Nf3 cxd4 4. Nxd4 e5 5. Nf5 Bc5 6. Nd6+ Kf8 7. Nxc8 Qxc8
8. e3 Nc6 9. Be2 h5 10. Nc3 Ne7 11. O-O Qc6 12. Bd2 Rd8 13. Rc1 e4 14. Na4 Bd6
15. g3 h4 16. Kg2 Bb8 17. b4 Qe6 18. Nc5 Qf5 19. Rb1 b6 20. Nb7 Rc8 21. Nd6
Bxd6 0-1

[Event "22ème Open de Saint-Affrique"]
[Site "Saint Affrique (12)"]
[Date "2014.07.23"]
[Round "6.28"]
[White "Clair, Michael"]
[Black "Soissong, Elzbieta"]
[Result "1-0"]
[WhiteElo "1806"]
[BlackElo "1620"]
[PlyCount "97"]
[EventDate "2014.??.??"]
[Source "Sylvain Rivier"]
[SourceDate "2014.07.26"]

1. e4 d5 2. exd5 Qxd5 3. Nc3 Qa5 4. d4 c6 5. Nf3 Nf6 6. Bd2 Qc7 7. Bc4 Bg4 8.
h3 Bh5 9. g4 Bg6 10. Ne5 e6 11. Qe2 Bd6 12. O-O-O Nbd7 13. f4 h5 14. Nxg6 fxg6
15. g5 Nd5 16. Bxd5 cxd5 17. Nxd5 Qc6 18. Qxe6+ Kd8 19. Rhe1 Nb6 20. Nxb6 axb6
21. Qb3 Ra4 22. d5 Qc4 23. Qxc4 Rxc4 24. b3 Rc7 25. Kb2 Rf8 26. Re4 Rcf7 27.
Rf1 Rf5 28. Re6 Rxd5 29. Rxd6+ Rxd6 30. Bb4 Kd7 31. Bxd6 Kxd6 32. Kc3 Ke6 33.
Kd4 Kf5 34. Rf3 Rd8+ 35. Ke3 Rd1 36. a4 Re1+ 37. Kf2 Re4 38. Kg3 h4+ 39. Kxh4
Rxf4+ 40. Kg3 Rxf3+ 41. Kxf3 Kxg5 42. Kg3 Kf5 43. c4 g5 44. b4 g6 45. a5 Kf6
46. Kg4 Ke6 47. Kxg5 Ke7 48. axb6 Kf7 49. c5 1-0

[Event "22ème Open de Saint-Affrique"]
[Site "Saint Affrique (12)"]
[Date "2014.07.23"]
[Round "6.29"]
[White "Bouchet, Jean-Louis"]
[Black "Del Valle, Julie"]
[Result "0-1"]
[WhiteElo "1795"]
[BlackElo "1530"]
[PlyCount "62"]
[EventDate "2014.??.??"]
[Source "Sylvain Rivier"]
[SourceDate "2014.07.26"]

1. d4 Nf6 2. Nf3 b6 3. g3 Bb7 4. Bg2 e6 5. O-O Be7 6. c4 O-O 7. Nc3 d6 8. Qc2
c5 9. d5 e5 10. Nh4 Re8 11. e4 Nh5 12. Nf5 Bc8 13. Qe2 Bxf5 14. exf5 Nf6 15. h4
Bf8 16. Be4 Nxe4 17. Nxe4 Nd7 18. Bg5 f6 19. Bd2 a6 20. a4 Qc7 21. Kg2 Reb8 22.
h5 b5 23. axb5 axb5 24. Rxa8 Rxa8 25. h6 Nb6 26. hxg7 Qxg7 27. cxb5 Nxd5 28.
Qc4 Qf7 29. Rh1 Nf4+ 30. gxf4 Qxc4 31. Nxf6+ Kf7 0-1

[Event "22ème Open de Saint-Affrique"]
[Site "Saint Affrique (12)"]
[Date "2014.07.23"]
[Round "6.30"]
[White "Criticos, Kris"]
[Black "Riviere, Gerard"]
[Result "0-1"]
[WhiteElo "1656"]
[BlackElo "1791"]
[PlyCount "68"]
[EventDate "2014.??.??"]
[Source "Sylvain Rivier"]
[SourceDate "2014.07.26"]

1. f4 c5 2. b3 Nf6 3. Nf3 Nc6 4. e3 g6 5. Bb2 Bg7 6. Be2 O-O 7. O-O d5 8. Ne5
Qc7 9. Nxc6 bxc6 10. d3 Rd8 11. Be5 Qb6 12. Nd2 c4 13. d4 c3 14. Bxf6 Bxf6 15.
Nf3 c5 16. Ne5 cxd4 17. exd4 Ba6 18. Bxa6 Qxa6 19. Rf3 Rac8 20. a4 Qa5 21. Qe1
e6 22. g4 Rc7 23. g5 Bxe5 24. fxe5 Qb4 25. Rd1 Rdc8 26. Qf2 Qf8 27. Rf1 Qe7 28.
Rf6 Rf8 29. h4 Kg7 30. h5 Qb4 31. Rxe6 fxe6 32. h6+ Kg8 33. Qxf8+ Qxf8 34.
Rxf8+ Kxf8 0-1

[Event "22ème Open de Saint-Affrique"]
[Site "Saint Affrique (12)"]
[Date "2014.07.23"]
[Round "6.31"]
[White "Carno, Matthias"]
[Black "Robic, Damien"]
[Result "0-1"]
[WhiteElo "1897"]
[BlackElo "1663"]
[PlyCount "62"]
[EventDate "2014.??.??"]
[Source "Sylvain Rivier"]
[SourceDate "2014.07.26"]

1. e4 e5 2. Nf3 Nc6 3. Bb5 a6 4. Bxc6 dxc6 5. d4 exd4 6. Qxd4 Qxd4 7. Nxd4 c5
8. Ne2 Nf6 9. f3 Bd7 10. c4 Bc6 11. Nbc3 Bd6 12. O-O Nd7 13. Rd1 O-O 14. Nf4 f5
15. Nfd5 Ne5 16. b3 Be8 17. f4 Nc6 18. e5 Nxe5 19. fxe5 Bxe5 20. Re1 Bd4+ 21.
Be3 c6 22. Bxd4 cxd4 23. Nb6 Rd8 24. Nca4 d3 25. Rad1 d2 26. Re2 Bh5 27. Rexd2
Bxd1 28. Rxd8 Rxd8 29. Nc5 Rd2 30. Nxb7 Rxa2 31. Nd8 c5 0-1

[Event "22ème Open de Saint-Affrique"]
[Site "Saint Affrique (12)"]
[Date "2014.07.23"]
[Round "6.32"]
[White "Aubry, Fabien"]
[Black "Sempe, Pierre"]
[Result "0-1"]
[WhiteElo "1884"]
[BlackElo "1659"]
[PlyCount "61"]
[EventDate "2014.??.??"]
[Source "Sylvain Rivier"]
[SourceDate "2014.07.26"]

1. d4 Nf6 2. Nf3 g6 3. Bf4 Bg7 4. e3 c5 5. c3 cxd4 6. exd4 O-O 7. Be2 d5 8. h3
Nc6 9. Nbd2 a6 10. O-O b5 11. b4 Bf5 12. a4 Na7 13. Qb3 Be4 14. Ne5 Nd7 15.
Nxd7 Qxd7 16. g4 g5 17. Bxg5 Rfc8 18. Nxe4 dxe4 19. a5 Rc6 20. Bf4 Nc8 21. Rfe1
Nd6 22. Bf1 Rac8 23. Bd2 h5 24. g5 Nc4 25. Bf4 e5 26. dxe5 Nd2 27. Bxd2 Qxd2
28. Rad1 Qxg5+ 29. Bg2 Rxc3 30. Qd5 Bxe5 31. Qxe4 {suite illisible} 0-1

[Event "22ème Open de Saint-Affrique"]
[Site "Saint Affrique (12)"]
[Date "2014.07.23"]
[Round "6.33"]
[White "Prieu, Arnaud"]
[Black "Grimault, Nathan"]
[Result "1-0"]
[WhiteElo "1572"]
[BlackElo "1820"]
[PlyCount "77"]
[EventDate "2014.??.??"]
[Source "Sylvain Rivier"]
[SourceDate "2014.07.26"]

1. e4 g6 2. d4 Bg7 3. Bf4 d6 4. Nf3 a6 5. Be2 b5 6. c3 Bb7 7. Nbd2 Nd7 8. O-O
c5 9. e5 cxd4 10. cxd4 dxe5 11. dxe5 e6 12. a4 Ne7 13. axb5 Nd5 14. Bg3 a5 15.
Nc4 Bf8 16. Bh4 Qb8 17. Rxa5 Bb4 18. Rxa8 Qxa8 19. Qd4 Bc5 20. Qd3 Nf4 21. Qd2
g5 22. Nxg5 Nxe2+ 23. Qxe2 Bxg2 24. Qh5 Bxf1 25. Kxf1 Qh1+ 26. Ke2 Rf8 27. Nxe6
Qe4+ 28. Ne3 Nxe5 29. Nxc5 Qd4 30. Bg3 Qxb2+ 31. Ke1 Qb1+ 32. Kd2 Qb4+ 33. Kd1
Qb1+ 34. Kd2 Qb2+ 35. Ke1 Qc1+ 36. Nd1 Nc4 37. Qe2+ Kd8 38. Qd3+ Ke7 39. Bh4+
1-0

[Event "22ème Open de Saint-Affrique"]
[Site "Saint Affrique (12)"]
[Date "2014.07.23"]
[Round "6.34"]
[White "Penalver, Francois"]
[Black "Dubertrand, Bernard"]
[Result "1-0"]
[WhiteElo "1780"]
[BlackElo "1647"]
[PlyCount "55"]
[EventDate "2014.??.??"]
[Source "Sylvain Rivier"]
[SourceDate "2014.07.26"]

1. e4 e5 2. Bc4 Nf6 3. d3 Bc5 4. Nf3 d6 5. c3 h6 6. Nbd2 a6 7. Bb3 Nc6 8. O-O
O-O 9. h3 Ne7 10. Bc2 Ng6 11. Nb3 Bb6 12. Qe2 Qe7 13. Kh1 Nh5 14. Ng1 Nhf4 15.
Bxf4 Nxf4 16. Qf3 f5 17. exf5 Rxf5 18. d4 Rg5 19. dxe5 dxe5 20. Ne2 Nxg2 21.
Ng3 Bxh3 22. Ne4 Bg4 23. Qxg2 Rh5+ 24. Kg1 Rf8 25. Qxg4 Rh4 26. Qg2 Rff4 27.
Rad1 Rhg4 28. Rde1 {suite illisible} 1-0

[Event "22ème Open de Saint-Affrique"]
[Site "Saint Affrique (12)"]
[Date "2014.07.23"]
[Round "6.35"]
[White "Grosse, Tomas"]
[Black "Hernandez, Lara"]
[Result "1/2-1/2"]
[WhiteElo "1627"]
[BlackElo "1732"]
[PlyCount "52"]
[EventDate "2014.??.??"]
[Source "Sylvain Rivier"]
[SourceDate "2014.07.26"]

1. d4 Nf6 2. c4 g6 3. Nc3 Bg7 4. Nf3 O-O 5. Bg5 h6 6. Bf4 d6 7. e3 Nh5 8. Bg3
Nd7 9. Be2 e5 10. Qd2 f5 11. dxe5 Nxg3 12. hxg3 Nxe5 13. Rd1 Be6 14. Nxe5 dxe5
15. O-O Qg5 16. Nd5 Rad8 17. Qb4 Bxd5 18. cxd5 b6 19. Bc4 Rd6 20. Bb3 f4 21.
gxf4 exf4 22. exf4 Rxf4 23. Qd2 Bd4 24. Rde1 Qf6 25. Re6 Qg5 26. Qe2 Qf5
1/2-1/2

[Event "22ème Open de Saint-Affrique"]
[Site "Saint Affrique (12)"]
[Date "2014.07.23"]
[Round "6.36"]
[White "Degraeve, Remy"]
[Black "De Muyser, Xavier"]
[Result "1-0"]
[WhiteElo "1537"]
[BlackElo "1723"]
[PlyCount "41"]
[EventDate "2014.??.??"]
[Source "Sylvain Rivier"]
[SourceDate "2014.07.26"]

1. e4 d6 2. d4 Nf6 3. Nc3 g6 4. Bc4 c6 5. Nf3 Nxe4 6. Nxe4 d5 7. Qe2 Bg7 8. Bg5
dxc4 9. Nf6+ Kf8 10. Ne4 h6 11. Bh4 Qd5 12. O-O-O g5 13. Bg3 f5 14. Nc3 Qe6 15.
Be5 Na6 16. Rhe1 Bxe5 17. Nxe5 b5 18. Ng6+ Qxg6 19. Qxe7+ Kg8 20. Qd8+ Kg7 21.
Re7+ 1-0

[Event "22ème Open de Saint-Affrique"]
[Site "Saint Affrique (12)"]
[Date "2014.07.23"]
[Round "6.37"]
[White "Flaujac, Benoit"]
[Black "Jackson, Edgar"]
[Result "1-0"]
[WhiteElo "1702"]
[BlackElo "1602"]
[PlyCount "113"]
[EventDate "2014.??.??"]
[Source "Sylvain Rivier"]
[SourceDate "2014.07.26"]

1. e4 c5 2. Nc3 Nc6 3. g3 e6 4. Bg2 Nf6 5. Nge2 d5 6. exd5 exd5 7. d4 Bf5 8.
Bg5 Nb4 9. Rc1 Be7 10. a3 Nc6 11. dxc5 Be4 12. f3 Bg6 13. b4 O-O 14. O-O a6 15.
Nd4 h6 16. Be3 Re8 17. Re1 Qd7 18. Na4 Bd8 19. Nb6 Bxb6 20. cxb6 a5 21. Nxc6
Qxc6 22. c3 Re6 23. Bd4 Rxe1+ 24. Qxe1 Bd3 25. Qd2 Bc4 26. Re1 axb4 27. axb4
Nd7 28. Qe3 Kf8 29. Bh3 Kg8 30. Bf5 Nf8 31. Qe5 f6 32. Qe7 Bb5 33. Qc7 g6 34.
Be6+ Nxe6 35. Qxc6 Bxc6 36. Rxe6 Ra1+ 37. Kf2 Ra2+ 38. Ke3 Bb5 39. Rxf6 g5 40.
Rg6+ Kf8 41. Bc5+ Kf7 42. Rxh6 Re2+ 43. Kd4 Kg7 44. Rd6 Rd2+ 45. Ke5 Re2+ 46.
Kxd5 Kf7 47. Kd4 Rd2+ 48. Ke5 Rxh2 49. Kf5 Rc2 50. Bd4 Rg2 51. g4 Rg3 52. Kxg5
Rxf3 53. Rh6 Ba6 54. b5 Bxb5 55. Rh7+ Ke6 56. Rxb7 Rf7 57. Rxf7 1-0

[Event "22ème Open de Saint-Affrique"]
[Site "Saint Affrique (12)"]
[Date "2014.07.23"]
[Round "6.38"]
[White "Pont, Frederic"]
[Black "Zachary, Matheo"]
[Result "0-1"]
[WhiteElo "1527"]
[BlackElo "1701"]
[PlyCount "60"]
[EventDate "2014.??.??"]
[Source "Sylvain Rivier"]
[SourceDate "2014.07.26"]

1. e4 c5 2. Nf3 Nc6 3. d4 cxd4 4. Nxd4 e5 5. Nb3 Nf6 6. Nc3 Bb4 7. Bd3 d5 8.
Bd2 Bxc3 9. Bxc3 Nxe4 10. Bxe4 dxe4 11. Qxd8+ Kxd8 12. O-O-O+ Kc7 13. Rhe1 Bg4
14. Rd5 Be6 15. Bxe5+ Kb6 16. Bd4+ Nxd4 17. Rxd4 Bxb3 18. Rb4+ Kc7 19. Rxb3 f5
20. Ree3 Rad8 21. Rec3+ Kb8 22. f3 Rhe8 23. Re3 exf3 24. gxf3 f4 25. Rxe8 Rxe8
26. Kd2 Re5 27. Rb4 g5 28. Kd3 Re3+ 29. Kd2 Rxf3 30. Ke2 Rh3 0-1

[Event "22ème Open de Saint-Affrique"]
[Site "Saint Affrique (12)"]
[Date "2014.07.23"]
[Round "6.39"]
[White "Joyeux, Gerard"]
[Black "Lalot, Hugues"]
[Result "1-0"]
[WhiteElo "1692"]
[BlackElo "1573"]
[PlyCount "95"]
[EventDate "2014.??.??"]
[Source "Sylvain Rivier"]
[SourceDate "2014.07.26"]

1. d4 Nf6 2. Nc3 d5 3. e4 Nxe4 4. Nxe4 dxe4 5. c3 e5 6. Be3 Nc6 7. Bb5 Bd7 8.
Bxc6 bxc6 9. dxe5 c5 10. Qd5 Rb8 11. b3 Be6 12. Qxe4 Bd5 13. Qg4 Be6 14. Qe2
Be7 15. Rd1 Qc8 16. h3 O-O 17. Nf3 a5 18. Nd2 Qb7 19. c4 Bxh3 20. Rxh3 Qxg2 21.
Qh5 Qg1+ 22. Nf1 Qg6 23. Qxg6 fxg6 24. Rd7 Bd8 25. Bxc5 Re8 26. Rf3 Rxe5+ 27.
Be3 Be7 28. Rxc7 Bb4+ 29. Kd1 Rd8+ 30. Kc2 Bf8 31. Rf4 h5 32. Nd2 g5 33. Re4
Rf5 34. Rd4 Re8 35. Rd5 Rxd5 36. cxd5 Re5 37. Rd7 h4 38. Nf3 h3 39. Nh2 Be7 40.
Kd2 Bf6 41. Ke2 Rf5 42. Kf1 Be5 43. Kg1 Kh7 44. d6 Rf6 45. Ng4 Rf5 46. Nxe5
Rxe5 47. Rxg7+ Kh6 48. Rxg5 1-0

[Event "22ème Open de Saint-Affrique"]
[Site "Saint Affrique (12)"]
[Date "2014.07.23"]
[Round "6.40"]
[White "Blanchon, Pascal"]
[Black "Denechaud, Bernard"]
[Result "1-0"]
[WhiteElo "1637"]
[BlackElo "1596"]
[PlyCount "77"]
[EventDate "2014.??.??"]
[Source "Sylvain Rivier"]
[SourceDate "2014.07.26"]

1. e4 e6 2. d4 d5 3. Nc3 Nf6 4. Bg5 Bb4 5. e5 h6 6. Bd2 Bxc3 7. bxc3 Ne4 8. Qg4
g6 9. Bd3 Nxd2 10. Kxd2 Qe7 11. f4 c5 12. Nf3 Nc6 13. Rhb1 a6 14. Rb6 cxd4 15.
cxd4 Qa3 16. c3 Qa5 17. Rb2 b5 18. Rab1 Bd7 19. Qg3 Rb8 20. Qe1 O-O 21. Ke3 Qc7
22. Nd2 Rfc8 23. Nb3 Qa7 24. Nc5 Ne7 25. g4 Kg7 26. a3 Nc6 27. h3 Na5 28. Qh4
Re8 29. Qf6+ Kg8 30. h4 Rbc8 31. Nxd7 Qxd7 32. h5 Nc4+ 33. Bxc4 Rxc4 34. Rc2
gxh5 35. Qxh6 hxg4 36. Rh1 f5 37. Qh8+ Kf7 38. Qf6+ Kg8 39. Rh8# 1-0

[Event "22ème Open de Saint-Affrique"]
[Site "Saint Affrique (12)"]
[Date "2014.07.23"]
[Round "6.41"]
[White "Petit, Jimmy"]
[Black "Libiszewski, Christian"]
[Result "1/2-1/2"]
[WhiteElo "1459"]
[BlackElo "1640"]
[PlyCount "66"]
[EventDate "2014.??.??"]
[Source "Sylvain Rivier"]
[SourceDate "2014.07.26"]

1. Nf3 Nf6 2. d4 d5 3. c4 c6 4. cxd5 cxd5 5. Nc3 e6 6. Bg5 Be7 7. e3 O-O 8. Bd3
b6 9. Qc2 Nbd7 10. Bf4 g6 11. Bh6 Re8 12. Qd1 Ng4 13. Bf4 Ngf6 14. Ne5 Nxe5 15.
Bxe5 a6 16. a3 Nd7 17. Bg3 Bb7 18. Rc1 Rc8 19. O-O Bh4 20. Qg4 Bxg3 21. fxg3
Qe7 22. Qf3 Rf8 23. h4 e5 24. Nxd5 Bxd5 25. Qxd5 Rxc1 26. Rxc1 exd4 27. Qxd4 b5
28. Qe4 Qd6 29. Kh2 Nc5 30. Qb4 Qxd3 31. Qxc5 Re8 32. Re1 Qd2 33. Qc3 Qd6
1/2-1/2